000 00762nam a2200217Ia 4500
005 20260601193245.0
008 260601s9999||||xx |||||||||||||| ||und||
020 _a978-3-031-63227-3
_qebk
100 _aIlias Maglogiannis
245 0 _aArtificial Intelligence Applications and Innovations. AIAI 2024 IFIP WG 12.5 International Workshops
250 _a2024
260 _aHeidelberg, Germany
_bSpringer Nature
_c2024
440 _aIFIP Advances in Information and Communication Technology
650 _aComputer Science
700 _aAntonios Papaleonidas
700 _aIoannis Chochliouros
700 _aIoannis Karydis
700 _aLazaros Iliadis
856 _uhttps://link.springer.com/openurl?genre=book&isbn=978-3-031-63227-3
942 _cEB
_2ddc
999 _c56529
_d56529